|
|
|
|
| LEADER |
00000nam0a2200000 4500 |
| 001 |
347911 |
| 005 |
20231102010041.0 |
| 010 |
|
|
|a 9785915592925
|
| 035 |
|
|
|a (RuTPU)RU\TPU\book\379867
|
| 090 |
|
|
|a 347911
|
| 100 |
|
|
|a 20220823d2022 m y0rusy50 ca
|
| 101 |
0 |
|
|a rus
|
| 102 |
|
|
|a RU
|
| 105 |
|
|
|a a j 001zy
|
| 200 |
1 |
|
|a Введение в компьютерную томографию. Математические аспекты
|e учебное пособие
|f А. Д. Юнаковский
|
| 210 |
|
|
|a Долгопрудный
|c Интеллект
|d 2022
|
| 215 |
|
|
|a 128 с.
|c ил.
|
| 320 |
|
|
|a Библиогр.: с. 125-127
|
| 330 |
|
|
|a Термин "Компьютерная томография" объединяет комплекс физических идей, математических методов и технических средств, используемых для определения параметров внутренней структуры различных объектов без нарушения их целостности при проведении измерений. Изложение традиционных методов вычислительной томографии в книге проведено весьма подробно, что позволяет использовать ее материал для первоначального ознакомления студентов и аспирантов с математическим аппаратом вычислительной томографии. Книга будет полезна для для инженеров-физиков, инженеров-математиков и конструкторов, занимающихся вопросами физического расчета, математического моделирования и проектирования рентгеновских компьютерных томографических комплексов, а также для всех, кто интересуется проблемами современной томографии.
|
| 606 |
1 |
|
|a Медицинская техника
|2 stltpush
|3 (RuTPU)RU\TPU\subj\41798
|9 61577
|
| 610 |
1 |
|
|a томография
|
| 610 |
1 |
|
|a вычислительная томография
|
| 610 |
1 |
|
|a преобразование Радона
|
| 610 |
1 |
|
|a преобразование Фурье
|
| 610 |
1 |
|
|a алгоритмы
|
| 610 |
1 |
|
|a реконструкция изображений
|
| 610 |
1 |
|
|a учебные пособия
|
| 675 |
|
|
|a 615.47(075)
|v 4
|
| 700 |
|
1 |
|a Юнаковский
|b А. Д.
|g Алексей Дмитриевич
|
| 801 |
|
1 |
|a RU
|b 63413507
|c 20220823
|
| 801 |
|
2 |
|a RU
|b 63413507
|c 20221003
|g RCR
|
| 942 |
|
|
|c BK
|
| 959 |
|
|
|a 15/20220901
|d 1
|e 1328,00
|f ЧЗТЛ:1
|